00562 2200217 4500001002100000005001500021035002000036007000300056008004100059020001800100082001200118084001800130100001800148245003400166260003500200500005600235650002000291856001700311990000800328990000800336INLIS00000000000028020220329093117 a0010-0322000078ta220329 g 0 ind  a9789796624027 a297.227 a297.227 KHA m0 aKhabib Basori1 aMemahami Qada dan Qadar Allah aKlaten :bCempaka Putih,c2008 aPenjelasan secara menyeluruh tentang masalah takdir 4aQadha dan Qadar aKoleksi Umum a734 a735